Waka Waka - Shakira - All Lyrics - Statistics

General Stats
  • This quiz has been taken 81 times
  • The average score is 154 of 304
Answer Stats
Answer % Correct
wa
99%
a
97%
A
97%
Waka
94%
waka
94%
africa
91%
Africa
91%
I
87%
this
81%
This
81%
for
79%
y
78%
eh
75%
eh.
75%
is
75%
time
75%
You
71%
you
71%
it
69%
the
65%
The
65%
on
63%
your
62%
Your
62%
Go
60%
and
56%
in
56%
up
56%
get
54%
it's
54%
oh,
54%
oh.
54%
oh
54%
to
54%
feel
53%
When
53%
You're
53%
believe
50%
got
49%
all
47%
battles
46%
Z
46%
'Cause
44%
'cause
44%
choosing
44%
everyone's
44%
front
44%
line
44%
soldier,
44%
watching
44%
but
43%
know
43%
we're
43%
We're
43%
yourself
43%
back
40%
good
40%
pressure's
40%
no
38%
off
38%
over
38%
If
37%
isn't
37%
mina
35%
down,
34%
dust
34%
fall
34%
getting
34%
Pick
34%
are
32%
close
32%
moment,
31%
ah
29%
saddle
29%
our
28%
por
26%
serious
26%
Zamina
26%
Zamina-
26%
vamos
25%
zangalewa
25%
Zangalewa
25%
shine,
24%
todo
24%
day,
22%
ma
22%
don't
21%
Today's
21%
expectations
19%
People
19%
their
19%
motto
16%
way,
16%
from
15%
Listen
15%
raising
15%
wait
15%
paved
13%
Anawa
12%
East
12%
hesitations
12%
god,
10%
West
10%
'em,
7%
feed
6%
mama
6%
Django
3%
Awabuye
1%
Bathi
1%
ipikipiki
1%
izizwe
1%
lamajoni
1%
mazibuye,
1%
susa
1%
Zonk'
1%
No matching quizzes found
Score Distribution
Percent of People with Each Score
Percentile by Number Answered
Your Score History
You have not taken this quiz